PgMP program management professional exam guide / (Record no. 19874)

MARC details
000 -LEADER
fixed length control field 01019nam a22002658a 4500
005 - DATE AND TIME OF LATEST TRANSACTION
control field 20081210151540.0
008 - FIXED-LENGTH DATA ELEMENTS--GENERAL INFORMATION
fixed length control field 080828s2009 nyu 001 0 eng
010 ## - LCCN (DPL NO)
LC control number ENG-92207
020 ## - INTERNATIONAL STANDARD BOOK NUMBER
International Standard Book Number 9780070139671
Terms of availability 525.00
020 ## - INTERNATIONAL STANDARD BOOK NUMBER
International Standard Book Number 0070139679
Terms of availability 525.00
035 ## - SYSTEM CONTROL NUMBER
System control number EN-75740
037 ## - SOURCE OF ACQUISITION
Source of stock number/acquisition DBAD / PUB
040 ## - CATALOGING SOURCE
Original cataloging agency dpl
Language of cataloging English
082 ## - DEWEY DECIMAL CLASSIFICATION NUMBER
Classification number 658.404076
100 ## - MAIN ENTRY--PERSONAL NAME
Personal name Phillips, Joseph.
245 ## - TITLE STATEMENT
Title PgMP program management professional exam guide /
Statement of responsibility, etc by Joseph Phillips.
260 ## - PUBLICATION, DISTRIBUTION, ETC. (IMPRINT)
Place of publication, distribution, etc New Delhi
Name of publisher, distributor, etc Tata McGraw-Hill Publishing
Date of publication, distribution, etc 2009.
300 ## - PHYSICAL DESCRIPTION
Extent xv, 431p.:
Other physical details ill.
Dimensions 24cm (pbk)
490 ## - SERIES STATEMENT
Series statement All in one
500 ## - GENERAL NOTE
General note Includes glossary and index.
650 ## - SUBJECT ADDED ENTRY--TOPICAL TERM
Topical term or geographic name as entry element Project management
General subdivision Examinations
Form subdivision Study guides.
650 ## - SUBJECT ADDED ENTRY--TOPICAL TERM
Topical term or geographic name as entry element Project management
General subdivision Certification
Form subdivision Study guides.
942 ## - ADDED ENTRY ELEMENTS (KOHA)
Source of classification or shelving scheme Dewey Decimal Classification
Item type English Books
Classification part 658.404076
Call number suffix PHI
Holdings
Withdrawn status Lost status Source of classification or shelving scheme Damaged status Not for loan Collection code Home library Current library Date acquired Source of acquisition Cost, normal purchase price Total Checkouts Full call number Barcode Date last seen Copy number Cost, replacement price Koha item type
    Dewey Decimal Classification   Not For Loan Non-fiction D.B.Act.Division D.B.Act.Division 15/12/2008 DBAD / PUB 525.00   658.404076 PHI EN-75740 15/12/2008 1 525.00 English Books

© Delhi Public Library
Hit Counter
free hit counter